Poesía [de Fray Luis de León] /

保存先:
書誌詳細
第一著者: León, Luis de (autor)
フォーマット: 図書
言語:スペイン語
出版事項: Madrid, España : Alianza, 1986, c1986
シリーズ:(El Libro de Bolsillo ; Clásicos) 1197.
主題:
タグ: タグ追加
タグなし, このレコードへの初めてのタグを付けませんか!

MARC

LEADER 00000nam^a2200000^a^4500
001 000134198
005 20250521000000.0
009 20260310095200.814
037 |a Acervo ITESO - Biblioteca 
041 |a ESP 
082 |a 861.  |b LEO 
100 |a León, Luis de,  |e (autor) 
245 1 0 |a Poesía [de Fray Luis de León] /  |c L. de León ; introd. y notas de Darío Fernández-Morera y Germán Bleiberg. 
264 4 |a Madrid, España :  |b Alianza,  |c 1986, c1986 
300 |a 159 p. 
336 |a texto  |b txt  |2 rdacontenido 
337 |a sin mediación  |b n  |2 rdamedio 
338 |a volumen  |b nc  |2 rdasoporte 
440 4 |a (El Libro de Bolsillo ;  |v 1197.  |p Clásicos) 
649 |a XX 
650 |a Poesía Española 
650 |a Literatura Española -  |y Siglo XVI 
650 |a Misticismo en la Literatura 
650 |a Literatura Religiosa -  |z España 
650 |a Literatura Española -  |y Epoca Clásica, 1500-1700 
650 |a Misticismo 
650 |a Cristianismo 
910 |a Fondo General 
920 |a Impresos - Libros 
930 |a Colección General 
940 |a Literatura 
905 |a 101 
901 |a 0500063579  |b IT1  |c LIT  |u 20250521 
902 |a https://opac.biblio.iteso.mx/vufind/Record/000134198